| 000 | 00689nam a22001937a 4500 | ||
|---|---|---|---|
| 003 | NUST-PNEC | ||
| 005 | 20170116180712.0 | ||
| 008 | 141015b xxu||||| |||| 00| 0 eng d | ||
| 020 | _a0871702800 | ||
| 040 | _cPNEC | ||
| 082 | _a620.11 ASM | ||
| 100 |
_9600 _aASM |
||
| 245 |
_aEngineering materials handbook. Vol. 2, Engineering plastics. _cASM International |
||
| 260 |
_aU.S.A. _bMatals Park : ASM International, _c1988. |
||
| 300 |
_a883 p. : _bill.; _c29 cm. |
||
| 500 | _aIncludes Index http://www.amazon.com/Engineered-Materials-Handbook-Engineering-Plastics/dp/0871702800/ref=sr_1_1?s=books&ie=UTF8&qid=1413357962&sr=1-1&keywords=0871702800 | ||
| 650 | _xME | ||
| 942 |
_2ddc _cBK |
||
| 999 |
_c61030 _d61030 |
||